00334nam a2200121Ia 4500008004100000041000800041082001700049100001900066245004500085260003900130300003300169365001000202240624s9999 xx 000 0 und d aeng a338.0941 BUR aBRYAN BURROUGH aBARBARIANS AT THE GATE THE FALL OF RJR N c2009aNew DelhibHarperCollins Usa axxiii, : 563 : p. : cm. ; 22 cRSb8